World shipbuilding statistics, September 1999

Αποθηκεύτηκε σε:
Λεπτομέρειες βιβλιογραφικής εγγραφής
Κύριος συγγραφέας: Fairplay Information Systems (FISYS)
Συγγραφή απο Οργανισμό/Αρχή: Lloyd's Register of Shipping
Μορφή: Βιβλίο
Γλώσσα:English
Δημοσίευση: London : Lloyd's Register of Shipping, c1999
Θέματα:
Ετικέτες: Προσθήκη ετικέτας
Δεν υπάρχουν, Καταχωρήστε ετικέτα πρώτοι!

MARC

LEADER 00000nam a2200000 i 4500
001 1/95284
008 991206s1999 eng d
020 |a 1361-4665 
035 |l 10055243 
040 |a GR-MY-UA  |b gre  |e aacr 
041 0 |a eng 
082 0 |a Π 387.205 
100 0 |a Fairplay Information Systems (FISYS) 
110 2 |a Lloyd's Register of Shipping. 
245 1 0 |a World shipbuilding statistics, September 1999 /  |c Lloyd's Registers of Shipping 
260 |a London :   |b Lloyd's Register of Shipping,   |c c1999 
300 |a 32 p.  |b tables 
650 0 0 |a Ship registers  |x Periodicals. 
650 0 0 |a Merchant ships  |x Periodicals. 
852 |a INST  |b CHIOS  |e 19991206  |h 387.205 WOR  |p 005200018186  |q 005200018186  |t REF  |y 23 
901 |a BIBL2-2000-1 
909 |a Χ  |b 076838 
922 |a 2ΕΛΗ  |b 200003  |c ΤΝΕΥ  |d ΠΑΠΑΣΩΤΗΡΙΟΥ 
950 |a 125-1999-07-15 
970 |a ΣΑΛΑΜΟΥΡΑ  |b ΜΑΡΙΑ  |z 2000/04/19